[Event "Santiago de Cuba Province-ch tt"]
[Site "Santiago de Cuba"]
[Date "2018.10.14"]
[Round "8.2"]
[White "Robles Cordero, David Rafael"]
[Black "Mora Preval, Jairon Humberto"]
[Result "0-1"]
[WhiteElo "1796"]
[BlackElo "1787"]
[PlyCount "96"]
[EventDate "2018.10.09"]
[EventType "team-tourn"]
[EventRounds "10"]
[EventCountry "CUB"]
[SourceTitle "EXT 2021"]
[Source "ChessBase"]
[SourceDate "2020.10.23"]
[SourceVersion "1"]
[SourceVersionDate "2020.10.23"]
[SourceQuality "1"]

1. e4 e5 2. Nf3 Nf6 3. Nc3 Bb4 4. Bc4 Nc6 5. Nd5 Nxd5 6. Bxd5 0-0 7. c3 Bc5 8. 0-0 d6 9. d4 exd4 10. Nxd4 Nxd4 11. cxd4 Bb6 12. Qd3 Qf6 13. Be3 Re8 14. f3 Qg6 15. Bb3 Kh8 16. Rae1 a6 17. a4 f6 18. Re2 Re7 19. Bc2 Bd7 20. Rfe1 Rae8 21. Bd2 Bc6 22. Qc3 Qh5 23. Kh1 d5 24. Qd3 Qg6 25. Bc3 Bd7 26. b3 Bc6 27. Re3 Kg8 28. Qe2 Qg5 29. Qf2 Qf4 30. g3 Qh6 31. Qd2 dxe4 32. fxe4 f5 33. Bb4 Bxe4+ 34. Bxe4 Rxe4 35. Rxe4 Rxe4 36. Qxh6 gxh6 37. Rxe4 fxe4 38. Bc3 Kf7 39. Kg1 Ke6 40. Kf2 Kd5 41. Ke3 c5 42. dxc5 Bxc5+ 43. Kf4 Bd4 44. Bd2 Bf6 45. h4 Be5+ 46. Kg4 Kd4 47. Kf5 Bxg3 48. h5 e3 0-1

[Event "Capablanca Memorial U15 2nd"]
[Site "Havana"]
[Date "2018.05.16"]
[Round "4"]
[White "Garcia Rivero, Andy Anibal"]
[Black "Robles Cordero, David Rafael"]
[Result "1-0"]
[WhiteElo "2035"]
[BlackElo "1850"]
[PlyCount "57"]
[EventDate "2018.05.14"]
[EventType "swiss"]
[EventRounds "7"]
[EventCountry "CUB"]
[SourceTitle "EXT 2021"]
[Source "ChessBase"]
[SourceDate "2020.10.23"]
[SourceVersion "1"]
[SourceVersionDate "2020.10.23"]
[SourceQuality "1"]

1. d4 Nf6 2. Bf4 e6 3. e3 d5 4. Nf3 c5 5. c3 Nc6 6. Bd3 Bd6 7. Bg3 a6 8. Ne5 Bxe5 9. dxe5 Nd7 10. f4 Qb6 11. Qc1 f5 12. exf6 Nxf6 13. 0-0 Bd7 14. h3 0-0-0 15. Bf2 e5 16. Nd2 e4 17. Be2 Kb8 18. Qb1 Rhe8 19. Re1 Qc7 20. Bh4 d4 21. Bxf6 gxf6 22. Bh5 Rg8 23. Nxe4 Bxh3 24. Bf3 dxe3 25. Nxf6 Rg3 26. Re2 Qxf4 27. Nh5 Qxf3 28. Nxg3 Rg8 29. gxf3 1-0

[Event "Moncada Cup-E"]
[Site "Santiago de Cuba"]
[Date "2018.03.24"]
[Round "7"]
[White "Suarez Aguilera, Omar Eduardo"]
[Black "Robles Cordero, David Rafael"]
[Result "1-0"]
[WhiteElo "2051"]
[BlackElo "1968"]
[PlyCount "101"]
[EventDate "2018.03.20"]
[EventType "tourn"]
[EventRounds "10"]
[EventCountry "CUB"]
[SourceTitle "EXT 2021"]
[Source "ChessBase"]
[SourceDate "2020.10.23"]
[SourceVersion "1"]
[SourceVersionDate "2020.10.23"]
[SourceQuality "1"]

1. d4 Nf6 2. Bg5 e6 3. e3 Be7 4. Bd3 0-0 5. Nf3 c5 6. Nbd2 Nc6 7. c3 b6 8. 0-0 Bb7 9. Qe2 h6 10. Bh4 cxd4 11. exd4 d6 12. Rfe1 Rc8 13. Rad1 Re8 14. Bxf6 Bxf6 15. Qe4 g6 16. Qf4 Bg7 17. Ne4 e5 18. dxe5 dxe5 19. Qg3 Qc7 20. Bc4 Rcd8 21. Qxg6 Na5 22. Nf6+ Kf8 23. Nxe8 Rxe8 24. Qxf7+ Qxf7 25. Bxf7 Bxf3 26. Bxe8 Bxd1 27. Rxd1 Kxe8 28. Kf1 Ke7 29. Ke2 Nc4 30. b3 Nd6 31. c4 Ke6 32. Rc1 Nb7 33. Kf3 Bf8 34. Kg4 Bc5 35. Rc2 Nd6 36. Re2 Kf6 37. Kh5 Nf7 38. f3 a5 39. h4 Kf5 40. Re4 Bd6 41. Rg4 Kf6 42. Rg6+ Ke7 43. g4 Bc5 44. Rc6 Kd7 45. Rf6 Ke7 46. Kg6 Nd8 47. Rf5 Nc6 48. Kxh6 Ke6 49. Kg7 Be7 50. h5 Nd4 51. Kg6 1-0